<?xml version="1.0" encoding="UTF-8"?><?xml-stylesheet type="text/xsl" href="static/style.xsl"?><OAI-PMH xmlns="http://www.openarchives.org/OAI/2.0/" xmlns:xsi="http://www.w3.org/2001/XMLSchema-instance" xsi:schemaLocation="http://www.openarchives.org/OAI/2.0/ http://www.openarchives.org/OAI/2.0/OAI-PMH.xsd"><responseDate>2026-04-17T12:49:05Z</responseDate><request verb="GetRecord" identifier="oai:www.recercat.cat:2072/456389" metadataPrefix="marc">https://recercat.cat/oai/request</request><GetRecord><record><header><identifier>oai:recercat.cat:2072/456389</identifier><datestamp>2026-03-26T04:03:38Z</datestamp><setSpec>com_2072_98</setSpec><setSpec>col_2072_378192</setSpec></header><metadata><record xmlns="http://www.loc.gov/MARC21/slim" xmlns:dcterms="http://purl.org/dc/terms/" xmlns:xsi="http://www.w3.org/2001/XMLSchema-instance" xmlns:doc="http://www.lyncode.com/xoai" xsi:schemaLocation="http://www.loc.gov/MARC21/slim http://www.loc.gov/standards/marcxml/schema/MARC21slim.xsd">
   <leader>00925njm 22002777a 4500</leader>
   <datafield ind2=" " ind1=" " tag="042">
      <subfield code="a">dc</subfield>
   </datafield>
   <datafield ind2=" " ind1=" " tag="720">
      <subfield code="a">Aguilera Morales, David</subfield>
      <subfield code="e">author</subfield>
   </datafield>
   <datafield ind2=" " ind1=" " tag="720">
      <subfield code="a">Vílchez-González, José Miguel</subfield>
      <subfield code="e">author</subfield>
   </datafield>
   <datafield ind2=" " ind1=" " tag="720">
      <subfield code="a">Carrillo-Rosúa, Javier</subfield>
      <subfield code="e">author</subfield>
   </datafield>
   <datafield ind2=" " ind1=" " tag="720">
      <subfield code="a">Perales Palacios, Francisco Javier</subfield>
      <subfield code="e">author</subfield>
   </datafield>
   <datafield ind2=" " ind1=" " tag="260">
      <subfield code="c">2021</subfield>
   </datafield>
   <datafield ind2=" " ind1=" " tag="520">
      <subfield code="a">Se presenta una revisión de los artículos publicados en las principales revistas españolas de investigación en didáctica de las ciencias experimentales entre 2014 y 2018. Se han analizado 504 artículos de las revistas Didáctica de las Ciencias Experimentales y Sociales, Enseñanza de las Ciencias, Revista Electrónica de Enseñanza de las Ciencias y Revista Eureka sobre Enseñanza y Divulgación de las Ciencias, con el objetivo de identificar las tendencias de investigación. El análisis se ha centrado en: 1) autores; 2) tipo de colaboración; 3) tipo de publicación; 4) etapa educativa; y 5) temática. Los resultados muestran que la mayoría de los autores pertenecen a instituciones iberoamericanas, la investigación suele desarrollarse en educación secundaria y la temática preferente es la enseñanza, el conocimiento didáctico del profesorado, el contenido científico y los libros de texto.</subfield>
   </datafield>
   <datafield ind2=" " ind1=" " tag="520">
      <subfield code="a">A review of the papers published in the main Spanish research journals in science education from 2014 to 2018 is shown. A total of 504 papers from the reviews Didáctica de las Ciencias Experimentales y Sociales, Enseñanza de las Ciencias, Revista Electrónica de Enseñanza de las Ciencias and Revista Eureka sobre Enseñanza y Divulgación de las Ciencias were analyzed with the aim of identifying research trends. The analysis has focused on 1) authors; 2) type of collaboration; 3) type of publication; 4) educational stage; and 5) thematic. The results show that most of the authors belong to Latin American institutions; research is usually carried out in secondary education; and the preferred theme is teaching, teaching knowledge for teachers, scientific content and textbooks.</subfield>
   </datafield>
   <datafield tag="653" ind2=" " ind1=" ">
      <subfield code="a">Revisión de la literatura</subfield>
   </datafield>
   <datafield tag="653" ind2=" " ind1=" ">
      <subfield code="a">Didáctica de las ciencias experimentales</subfield>
   </datafield>
   <datafield tag="653" ind2=" " ind1=" ">
      <subfield code="a">Investigación educativa</subfield>
   </datafield>
   <datafield tag="653" ind2=" " ind1=" ">
      <subfield code="a">Revistas españolas</subfield>
   </datafield>
   <datafield tag="653" ind2=" " ind1=" ">
      <subfield code="a">Literature review</subfield>
   </datafield>
   <datafield tag="653" ind2=" " ind1=" ">
      <subfield code="a">Science education</subfield>
   </datafield>
   <datafield tag="653" ind2=" " ind1=" ">
      <subfield code="a">Research in education</subfield>
   </datafield>
   <datafield tag="653" ind2=" " ind1=" ">
      <subfield code="a">Spanish reviews</subfield>
   </datafield>
   <datafield ind2="0" ind1="0" tag="245">
      <subfield code="a">Tendencias investigadoras en enseñanza de las ciencias en revistas españolas 2014-2018</subfield>
   </datafield>
</record></metadata></record></GetRecord></OAI-PMH>